|
|
|
|
| LEADER |
00000nam a2200000 i 4500 |
| 001 |
DIGUCANT0151 |
| 003 |
NyNyDIG |
| 007 |
cr ||||||||||| |
| 008 |
230405s2022 sp a ob 000 0 spa d |
| 006 |
m o d |
| 035 |
|
|
|a (OCoLC)1377521493
|
| 040 |
|
|
|a DGITA
|b eng
|e rda
|e pn
|c DGITA
|
| 020 |
|
|
|a 9788417888695
|q eBook
|q pdf
|
| 020 |
|
|
|z 9788417888688
|q rústica
|
| 024 |
7 |
|
|a 10.22429/Euc2022.022
|2 doi
|
| 043 |
|
|
|a e-sp---
|
| 050 |
1 |
4 |
|a NA1311.C646 ebook
|
| 100 |
1 |
|
|a Aramburu-Zabala Higuera, Miguel Ángel,
|e author.
|
| 245 |
1 |
3 |
|a El Seminario de Comillas y "el arte cristiano" /
|c Miguel Ángel Aramburu-Zabala Higuera, Celestina Losada Varea.
|
| 264 |
|
1 |
|a Santander :
|b Ediciones Universidad de Cantabria,
|c [2022]
|
| 300 |
|
|
|a 1 online resource :
|b illustrations.
|
| 336 |
|
|
|a text
|b txt
|2 rdacontent
|
| 337 |
|
|
|a computer
|b c
|2 rdamedia
|
| 338 |
|
|
|a online resource
|b cr
|2 rdacarrier
|
| 347 |
|
|
|a text file
|2 rdaft
|
| 347 |
|
|
|b PDF
|
| 490 |
1 |
|
|a Colección Analectas ;
|v 132
|
| 504 |
|
|
|a Includes bibliographical references.
|
| 588 |
0 |
|
|a Online resource; title from PDF title page (Digitalia, viewed April 5, 2023)
|
| 650 |
|
0 |
|a Decoration and ornament, Architectural
|z Spain
|z Comillas.
|
| 650 |
|
0 |
|a Architecture
|z Spain
|z Comillas
|x History
|y 19th century.
|
| 650 |
|
0 |
|a Art nouveau (Architecture)
|z Spain
|z Comillas.
|
| 650 |
|
0 |
|a Christian art and symbolism
|z Spain
|z Comillas.
|
| 651 |
|
0 |
|a Comillas (Spain)
|x Buildings, structures, etc.
|
| 700 |
1 |
|
|a Losada Varea, Celestina,
|d 1967-
|e author.
|
| 791 |
2 |
|
|a Digitalia (Firm),
|e distributor.
|
| 793 |
0 |
|
|g Digitalia eBook Collection:
|a Universidad de Cantabria
|
| 776 |
0 |
8 |
|i Print version:
|a Aramburu-Zabala Higuera, Miguel Ángel.
|t Seminario de Comillas y "el arte cristiano".
|d Santander : Ediciones Universidad de Cantabria, [2022]
|z 9788417888688
|
| 830 |
|
0 |
|a Colección Analectas ;
|v 132.
|
| 856 |
4 |
0 |
|3 Digitalia Hispánica
|u https://www.digitaliapublishing.com/a/117380/
|
| 910 |
|
|
|a Premium collection: 2023
|